[Event "ESP-ch U12 rapid"]
[Site "Salobrena"]
[Date "2023.07.16"]
[Round "5"]
[White "Odriozola Coscolin, Dani"]
[Black "San Vicente Crespo, Pablo"]
[Result "1-0"]
[WhiteElo "1561"]
[BlackElo "1505"]
[PlyCount "77"]
[EventDate "2023.07.15"]
[EventType "swiss (rapid)"]
[EventRounds "9"]
[EventCountry "ESP"]
[SourceTitle "EXT 2024"]
[Source "ChessBase"]
[SourceDate "2023.10.10"]
[SourceVersion "1"]
[SourceVersionDate "2023.10.10"]
[SourceQuality "1"]

1. e4 c5 2. Nf3 Nc6 3. d4 cxd4 4. Nxd4 Nf6 5. Nc3 e5 6. Ndb5 d6 7. Bg5 a6 8. Na3 b5 9. Bxf6 gxf6 10. Nd5 Bg7 11. Bd3 0-0 12. 0-0 Ne7 13. Nxe7+ Qxe7 14. Qf3 Rb8 15. c3 Be6 16. Nc2 a5 17. Ne3 b4 18. c4 Rfc8 19. Nd5 Qd8 20. Qd1 Qd7 21. f4 Qe8 22. fxe5 dxe5 23. Qf3 Rd8 24. Rad1 Bxd5 25. exd5 Qd7 26. Qe4 h6 27. Kh1 Re8 28. Rf3 Qe7 29. Qh7+ Kf8 30. Rg3 Qd6 31. Rxg7 Ke7 32. Rxf7+ Kd8 33. Qf5 Re7 34. Rxf6 Qc5 35. d6 Re8 36. Rf7 Qc6 37. Be4 Qc8 38. Qf6+ Re7 39. Qxe7# 1-0

[Event "ESP-ch U12 rapid"]
[Site "Salobrena"]
[Date "2023.07.16"]
[Round "8"]
[White "San Vicente Crespo, Pablo"]
[Black "Calvo Miguez, Sergio"]
[Result "1-0"]
[WhiteElo "1505"]
[BlackElo "1395"]
[PlyCount "147"]
[EventDate "2023.07.15"]
[EventType "swiss (rapid)"]
[EventRounds "9"]
[EventCountry "ESP"]
[SourceTitle "EXT 2024"]
[Source "ChessBase"]
[SourceDate "2023.10.10"]
[SourceVersion "1"]
[SourceVersionDate "2023.10.10"]
[SourceQuality "1"]

1. e4 c5 2. Nf3 g6 3. d4 cxd4 4. Nxd4 Bg7 5. c4 Nc6 6. Be3 Nf6 7. Nc3 0-0 8. Be2 d6 9. Qd2 a5 10. b3 Nxd4 11. Bxd4 Be6 12. f3 Qd7 13. 0-0 Rfc8 14. Rac1 Qc6 15. Rfd1 b6 16. Bf2 Rd8 17. Re1 Rac8 18. Bf1 Qb7 19. Nd5 Bxd5 20. exd5 Re8 21. Qe3 Nd7 22. Rc2 e6 23. Rd2 Nc5 24. g3 Qd7 25. Bh3 Qc7 26. f4 Rcd8 27. Rde2 e5 28. fxe5 Rxe5 29. Qd2 Rde8 30. Rxe5 Rxe5 31. Rxe5 Bxe5 32. Bg2 Qe7 33. Qe3 Bf6 34. Qxe7 Bxe7 35. Bd4 f5 36. Kf2 Kf7 37. Ke3 Bf6 38. Bf3 Bxd4+ 39. Kxd4 Kf6 40. Bd1 Ne4 41. a3 Nf2 42. Bf3 Nh3 43. b4 Ng5 44. Bg2 Nf7 45. bxa5 bxa5 46. c5 dxc5+ 47. Kxc5 Ke5 48. Kb5 Nd6+ 49. Kxa5 Ne4 50. Bxe4 fxe4 51. Kb4 Kxd5 52. Kc3 h5 53. h4 Kc5 54. a4 e3 55. Kd3 Kb4 56. Kxe3 Kxa4 57. Kf4 Kb5 58. Kg5 Kc6 59. Kxg6 Kd6 60. Kxh5 Ke7 61. g4 Kf7 62. g5 Kg7 63. Kg4 Kh7 64. h5 Kg7 65. h6+ Kg6 66. Kf4 Kh7 67. Kf5 Kg8 68. g6 Kh8 69. Kf6 Kg8 70. g7 Kh7 71. Kf7 Kxh6 72. g8Q Kh5 73. Qg3 Kh6 74. Qg6# 1-0

[Event "ESP-ch U12 rapid"]
[Site "Salobrena"]
[Date "2023.07.15"]
[Round "2"]
[White "Saez de Adana Saez, Maria"]
[Black "San Vicente Crespo, Pablo"]
[Result "0-1"]
[WhiteElo "1267"]
[BlackElo "1505"]
[PlyCount "80"]
[EventDate "2023.07.15"]
[EventType "swiss (rapid)"]
[EventRounds "9"]
[EventCountry "ESP"]
[SourceTitle "EXT 2024"]
[Source "ChessBase"]
[SourceDate "2023.10.10"]
[SourceVersion "1"]
[SourceVersionDate "2023.10.10"]
[SourceQuality "1"]

1. c4 Nf6 2. Nc3 g6 3. g3 Bg7 4. Bg2 d6 5. Nf3 0-0 6. 0-0 Nbd7 7. d3 e5 8. Rb1 Ne8 9. Nd5 c6 10. Nc3 h6 11. b4 f5 12. b5 Nef6 13. Bd2 Qc7 14. Qb3 Nc5 15. Qb4 e4 16. dxe4 Nfxe4 17. Nxe4 Nxe4 18. Bf4 g5 19. Bd2 c5 20. Qb3 g4 21. Qc2 gxf3 22. Bxf3 Nxd2 23. Qxd2 f4 24. Qd3 Bf5 25. Be4 Bxe4 26. Qxe4 Rae8 27. Qd5+ Kh8 28. Qd3 Qe7 29. Rfe1 fxg3 30. hxg3 Be5 31. e3 Qg5 32. Qe2 h5 33. Kf1 h4 34. gxh4 Qxh4 35. Qc2 Qh1+ 36. Ke2 Rxf2+ 37. Kd3 Qh7+ 38. e4 Rxc2 39. Rh1 Rh2 40. Rhf1 Qh3+ 0-1

[Event "ESP-ch U12 rapid"]
[Site "Salobrena"]
[Date "2023.07.15"]
[Round "1"]
[White "San Vicente Crespo, Pablo"]
[Black "Alonso Novas, Mateo"]
[Result "1-0"]
[WhiteElo "1505"]
[BlackElo "1170"]
[PlyCount "119"]
[EventDate "2023.07.15"]
[EventType "swiss (rapid)"]
[EventRounds "9"]
[EventCountry "ESP"]
[SourceTitle "EXT 2024"]
[Source "ChessBase"]
[SourceDate "2023.10.10"]
[SourceVersion "1"]
[SourceVersionDate "2023.10.10"]
[SourceQuality "1"]

1. e4 e5 2. Nf3 Nf6 3. Nxe5 Nc6 4. Nxc6 dxc6 5. d3 Bc5 6. Be2 h5 7. c3 Ng4 8. d4 Be7 9. h3 Nf6 10. Bf3 Be6 11. b3 h4 12. Nd2 Nh7 13. Bg4 Qd7 14. Bxe6 Qxe6 15. Qg4 0-0-0 16. Qxe6+ fxe6 17. Nf3 Nf6 18. e5 Ne4 19. Bd2 Nxd2 20. Kxd2 c5 21. Kc2 cxd4 22. Nxd4 Rh6 23. Rad1 Bc5 24. b4 Bxd4 25. Rxd4 Rxd4 26. cxd4 Rg6 27. Rg1 Kd7 28. g4 Rh6 29. f4 Rh8 30. Kd3 Rg8 31. Rf1 Rf8 32. Ke4 g5 33. f5 Ke7 34. Rc1 c6 35. a4 a6 36. b5 axb5 37. axb5 Rc8 38. bxc6 bxc6 39. Rb1 Rc7 40. Rb8 Kf7 41. Rh8 exf5+ 42. Kxf5 Kg7 43. Rd8 c5 44. dxc5 Rxc5 45. Rd7+ Kf8 46. Kf6 Ke8 47. Rg7 Rc3 48. Rg8+ Kd7 49. e6+ Kd6 50. Rd8+ Kc7 51. Rd7+ Kc8 52. Rd5 Rxh3 53. e7 Rf3+ 54. Ke6 Re3+ 55. Kf7 Rf3+ 56. Rf5 Re3 57. e8Q+ Rxe8 58. Kxe8 h3 59. Rxg5 h2 60. Rh5 1-0

[Event "ESP-ch U12"]
[Site "Salobrena"]
[Date "2023.07.14"]
[Round "8"]
[White "Lirola Gimeno, Manuel Jaime"]
[Black "San Vicente Crespo, Pablo"]
[Result "0-1"]
[WhiteElo "1422"]
[BlackElo "1721"]
[PlyCount "106"]
[EventDate "2023.07.10"]
[EventType "swiss"]
[EventRounds "9"]
[EventCountry "ESP"]
[SourceTitle "EXT 2024"]
[Source "ChessBase"]
[SourceDate "2023.10.10"]
[SourceVersion "1"]
[SourceVersionDate "2023.10.10"]
[SourceQuality "1"]

1. e4 c5 2. Nf3 Nc6 3. d4 cxd4 4. Nxd4 Nf6 5. Nc3 e5 6. Ndb5 d6 7. Bg5 a6 8. Na3 b5 9. Nd5 Be7 10. Bxf6 Bxf6 11. c3 0-0 12. Nc2 Rb8 13. Be2 Bg5 14. h4 Bh6 15. g4 g6 16. g5 Bg7 17. Nce3 f5 18. Qb3 Kh8 19. exf5 gxf5 20. g6 h6 21. Qc2 f4 22. Nd1 Bf5 23. Bd3 e4 24. Bf1 e3 25. Bd3 Bxd3 26. Qxd3 Ne5 27. Qe2 f3 28. Qxe3 Re8 29. Kf1 Qc8 30. Qf4 Rf8 31. Qe4 Nc4 32. Kg1 Nd2 33. Qb4 a5 34. Qxd6 Qg4+ 35. Qg3 Qxg3+ 36. fxg3 Rbe8 37. Nf2 Nc4 38. b3 Ne3 39. Nc7 Re5 40. a4 b4 41. cxb4 Re7 42. Nb5 Bxa1 43. bxa5 Ra8 44. b4 Nd5 45. Nd3 Bc3 46. Nxc3 Nxc3 47. Nc5 Re1+ 48. Kh2 f2 49. b5 Rxh1+ 50. Kxh1 f1Q+ 51. Kh2 Ne2 52. b6 Qg1+ 53. Kh3 Qxg3# 0-1

[Event "ESP-ch U12"]
[Site "Salobrena"]
[Date "2023.07.10"]
[Round "2"]
[White "Ferre Obrados, Climent"]
[Black "San Vicente Crespo, Pablo"]
[Result "0-1"]
[WhiteElo "1400"]
[BlackElo "1721"]
[PlyCount "52"]
[EventDate "2023.07.10"]
[EventType "swiss"]
[EventRounds "9"]
[EventCountry "ESP"]
[SourceTitle "EXT 2024"]
[Source "ChessBase"]
[SourceDate "2023.10.10"]
[SourceVersion "1"]
[SourceVersionDate "2023.10.10"]
[SourceQuality "1"]

1. d4 Nf6 2. Bf4 g6 3. Nc3 Bg7 4. e4 d6 5. Qd2 Nbd7 6. f3 e5 7. dxe5 dxe5 8. Be3 0-0 9. 0-0-0 c6 10. Bh6 Qa5 11. h4 b5 12. Kb1 Nc5 13. h5 b4 14. Nce2 Be6 15. b3 Rfd8 16. Qc1 Rxd1 17. Qxd1 Bxh6 18. hxg6 Rd8 19. gxh7+ Kh8 20. Qe1 Bg7 21. Nc1 Qb6 22. Qg3 Nfxe4 23. fxe4 Nxe4 24. Qe1 Nd2+ 25. Ka1 e4+ 26. c3 Bxc3# 0-1

[Event "Madrid Alcorcon op 1st"]
[Site "Madrid"]
[Date "2022.12.28"]
[Round "6"]
[White "Suarez Gomez, Paula"]
[Black "San Vicente Crespo, Pablo"]
[Result "1-0"]
[WhiteElo "1688"]
[BlackElo "1523"]
[PlyCount "77"]
[EventDate "2022.12.26"]
[EventType "swiss"]
[EventRounds "9"]
[EventCountry "ESP"]
[SourceTitle "CBM 212 Extra"]
[Source "ChessBase"]
[SourceDate "2023.03.31"]
[SourceVersion "1"]
[SourceVersionDate "2023.03.31"]
[SourceQuality "1"]

1. e4 c5 2. g3 Nc6 3. Bg2 Nf6 4. Nc3 e6 5. Nge2 d5 6. exd5 exd5 7. d4 Be6 8. 0-0 Be7 9. a3 0-0 10. dxc5 Bxc5 11. b4 Bb6 12. Bb2 a6 13. Nf4 d4 14. Nce2 Bc4 15. Re1 d3 16. cxd3 Bxf2+ 17. Kxf2 Ng4+ 18. Kg1 Qb6+ 19. d4 Nce5 20. Nc1 Rad8 21. h3 Nc6 22. Qxg4 f5 23. Qh5 Nxd4 24. Kh2 Nc2 25. Qg5 Rd7 26. Re7 Rxe7 27. Qxe7 Rf7 28. Qe8+ Rf8 29. Qd7 Bf7 30. Rb1 Qf2 31. Ncd3 Qd2 32. Ne5 Qf2 33. Nxf7 Rxf7 34. Qc8+ Rf8 35. Qc4+ Rf7 36. Rf1 Qd2 37. Bc1 Ne3 38. Qc8+ Rf8 39. Qe6+ 1-0

[Event "ESP-ch U12 Rapid"]
[Site "Salobrena"]
[Date "2022.07.17"]
[Round "7"]
[White "Mellado Sais, Carles"]
[Black "San Vicente Crespo, Pablo"]
[Result "1-0"]
[WhiteElo "1245"]
[BlackElo "1417"]
[PlyCount "157"]
[EventDate "2022.07.09"]
[EventType "swiss (rapid)"]
[EventRounds "9"]
[EventCountry "ESP"]
[SourceTitle "EXT 2023"]
[Source "ChessBase"]
[SourceDate "2022.10.05"]
[SourceVersion "1"]
[SourceVersionDate "2022.10.05"]
[SourceQuality "1"]

1. d4 Nf6 2. c4 g6 3. Nc3 Bg7 4. e4 d6 5. Nf3 0-0 6. Be2 e5 7. 0-0 Nc6 8. d5 Ne7 9. b4 Ne8 10. c5 f5 11. Ng5 Nf6 12. Bf3 h6 13. Ne6 Qd7 14. Nxf8 Kxf8 15. Qb3 f4 16. Be2 g5 17. f3 Ng6 18. Rd1 h5 19. Bb5 Qe7 20. Qc2 g4 21. Qf2 Nh7 22. cxd6 cxd6 23. Be2 Qg5 24. Kf1 Nh4 25. Ba3 Qh6 26. Qxh4 Ng5 27. fxg4 f3 28. gxf3 Qf6 29. Qf2 Nh3 30. Qg3 hxg4 31. Ke1 gxf3 32. Bxf3 Qh6 33. Bc1 Qf6 34. Kd2 Bd7 35. Kc2 Rc8 36. Kb2 Rc4 37. a3 Qd8 38. Bg4 Bxg4 39. Qxg4 Nf4 40. Bd2 Nd3+ 41. Kc2 Nf4 42. Rg1 Qc7 43. Qf5+ Ke8 44. Qh7 Kf8 45. Rxg7 Qxg7 46. Qxg7+ Kxg7 47. Rg1+ Kf7 48. Rf1 Kg6 49. Bxf4 exf4 50. Rxf4 Kg5 51. Rf7 a5 52. Kb3 Rd4 53. Rxb7 axb4 54. Rxb4 Rd2 55. e5 dxe5 56. Ne4+ Kf5 57. Nxd2 Kf6 58. d6 Ke6 59. Ne4 Kd7 60. Rb7+ Ke6 61. d7 Ke7 62. Nc5 e4 63. Rb8 e3 64. d8Q+ Kf7 65. Qd7+ Kf6 66. Rb6+ Ke5 67. Qe6+ Kf4 68. Nd3+ Kf3 69. Qf5+ Ke2 70. Rg6 Kd2 71. Rg2+ e2 72. Qf4+ Kxd3 73. Qf3+ Kd4 74. Rxe2 Kc5 75. Qc3+ Kb6 76. Re4 Ka6 77. Rb4 Ka5 78. Qc5+ Ka6 79. Qb6# 1-0

[Event "ESP-ch U12"]
[Site "Salobrena"]
[Date "2022.07.16"]
[Round "9"]
[White "Piris Ferrandis, Asier"]
[Black "San Vicente Crespo, Pablo"]
[Result "1-0"]
[WhiteElo "1261"]
[BlackElo "1566"]
[PlyCount "107"]
[EventDate "2022.07.04"]
[EventType "swiss"]
[EventRounds "9"]
[EventCountry "ESP"]
[SourceTitle "EXT 2023"]
[Source "ChessBase"]
[SourceDate "2022.10.05"]
[SourceVersion "1"]
[SourceVersionDate "2022.10.05"]
[SourceQuality "1"]

1. e4 c5 2. Nf3 Nc6 3. Bb5 g6 4. 0-0 Qc7 5. d3 e5 6. Bxc6 dxc6 7. Be3 Nf6 8. Nbd2 Be6 9. h3 h6 10. Qe2 g5 11. Nh2 Be7 12. Qf3 0-0-0 13. Bxc5 h5 14. Bxe7 Qxe7 15. Qe3 b6 16. Nhf3 g4 17. Nxe5 gxh3 18. gxh3 Rdg8+ 19. Kh1 Ng4 20. hxg4 hxg4+ 21. Kg2 g3 22. Rh1 Rh2+ 23. Rxh2 gxh2+ 24. Kh1 Qh4 25. Ndf3 Qh3 26. Ng5 Qxe3 27. fxe3 Rxg5 28. Nxc6 Rc5 29. Nd4 Kd7 30. Nxe6 fxe6 31. c3 Rh5 32. Rf1 Ke7 33. Rf2 Rh3 34. Re2 a5 35. e5 b5 36. d4 b4 37. c4 a4 38. d5 Rh5 39. d6+ Kd7 40. c5 Rxe5 41. Rc2 Kc6 42. Rd2 Kd7 43. c6+ Kd8 44. c7+ Kd7 45. Rc2 Kxd6 46. c8Q Rxe3 47. Qc5+ Kd7 48. Qxe3 b3 49. axb3 a3 50. bxa3 Ke7 51. Qe5 Kd8 52. Qg7 e5 53. Rc7 e4 54. Qd7# 1-0

[Event "ESP-ch U12"]
[Site "Salobrena"]
[Date "2022.07.15"]
[Round "8"]
[White "San Vicente Crespo, Pablo"]
[Black "Escoriza Pons, Xavier"]
[Result "1/2-1/2"]
[WhiteElo "1566"]
[BlackElo "1524"]
[PlyCount "178"]
[EventDate "2022.07.04"]
[EventType "swiss"]
[EventRounds "9"]
[EventCountry "ESP"]
[SourceTitle "EXT 2023"]
[Source "ChessBase"]
[SourceDate "2022.10.05"]
[SourceVersion "1"]
[SourceVersionDate "2022.10.05"]
[SourceQuality "1"]

1. e4 c5 2. Nf3 Nc6 3. d4 cxd4 4. Nxd4 e5 5. Nb5 d6 6. c4 a6 7. N5c3 Be7 8. Na3 Nf6 9. Be2 0-0 10. Nc2 Be6 11. 0-0 Rc8 12. Be3 Qd7 13. b3 Rb8 14. f3 b6 15. Bf2 Rfd8 16. Rc1 Na7 17. Nb4 Qb7 18. Nbd5 Bxd5 19. Nxd5 Nxd5 20. cxd5 Rbc8 21. Qd2 Rd7 22. Qe3 Bd8 23. Qd3 b5 24. Qe3 h6 25. Qxa7 Rxc1 26. Rxc1 Qxa7 27. Bxa7 Rxa7 28. Rc8 Rd7 29. f4 Kh7 30. Bg4 Bb6+ 31. Kf1 Rc7 32. Rxc7 Bxc7 33. fxe5 dxe5 34. b4 a5 35. d6 Bxd6 36. bxa5 Kg6 37. a6 Bc5 38. a3 Kg5 39. Bf3 Kf4 40. Ke2 Bb6 41. Kd3 Bc5 42. Bd1 Kg5 43. Kc3 Kf4 44. Kd3 Kg5 45. Bb3 Kf6 46. a4 bxa4 47. Bxa4 Kg5 48. Kc4 Bd4 49. Kd5 Kf4 50. Bd1 g6 51. Bf3 f5 52. exf5 gxf5 53. Kc4 Ke3 54. h3 Ba7 55. Kd5 e4 56. Bh5 Kf2 57. g4 fxg4 58. Bxg4 e3 59. Ke4 e2 60. Bxe2 Kxe2 61. h4 Kf2 62. Kf4 Ke2 63. Ke4 Kd2 64. h5 Kc3 65. Kd5 Kb4 66. Kc6 Kc4 67. Kd6 Kb5 68. Ke6 Kxa6 69. Kf5 Kb5 70. Kg4 Kc4 71. Kf3 Kd5 72. Kg2 Ke4 73. Kh1 Kf4 74. Kh2 Kg4 75. Kh1 Kxh5 76. Kh2 Kg4 77. Kh1 Bb8 78. Kg1 h5 79. Kh1 Kh3 80. Kg1 Bh2+ 81. Kh1 Bg3 82. Kg1 h4 83. Kh1 Kg4 84. Kg1 Kf3 85. Kh1 h3 86. Kg1 h2+ 87. Kh1 Kg4 88. Kg2 Kh4 89. Kh1 Kh3 1/2-1/2

[Event "ESP-ch U12"]
[Site "Salobrena"]
[Date "2022.07.13"]
[Round "4"]
[White "San Vicente Crespo, Pablo"]
[Black "Ibanez Koblash, Daniel"]
[Result "1-0"]
[WhiteElo "1566"]
[BlackElo "1666"]
[PlyCount "147"]
[EventDate "2022.07.04"]
[EventType "swiss"]
[EventRounds "9"]
[EventCountry "ESP"]
[SourceTitle "EXT 2023"]
[Source "ChessBase"]
[SourceDate "2022.10.05"]
[SourceVersion "1"]
[SourceVersionDate "2022.10.05"]
[SourceQuality "1"]

1. e4 e5 2. Nf3 Nc6 3. Bc4 Bc5 4. c3 Nf6 5. d3 d6 6. 0-0 a6 7. Bb3 h6 8. h3 0-0 9. Re1 Ba7 10. Nbd2 Nh5 11. Nf1 Qf6 12. Be3 Nf4 13. Bxa7 Rxa7 14. Ng3 Ra8 15. d4 Bd7 16. Ne2 Nxh3+ 17. gxh3 Qxf3 18. Ng3 Qxd1 19. Raxd1 Bxh3 20. Kh2 Bg4 21. Rd3 Rae8 22. f3 Bd7 23. Rg1 Kh8 24. Nh5 g6 25. Nf6 Rd8 26. Rd2 exd4 27. cxd4 Be6 28. d5 Ne5 29. Kg3 Bc8 30. f4 Nd7 31. Ng4 Nc5 32. Nf6 Nd7 33. Ng4 h5 34. Rh2 Kg7 35. Ne3 Rde8 36. Kf3 Nf6 37. Bc2 Bg4+ 38. Nxg4 hxg4+ 39. Kg3 Nxe4+ 40. Bxe4 Rxe4 41. Rc2 Rc8 42. Kxg4 Rd4 43. Rgc1 Rd3 44. Rxc7 Rxc7 45. Rxc7 b5 46. Rc6 Rxd5 47. Rxa6 Rd2 48. b3 Kf6 49. Rb6 Rd5 50. a4 bxa4 51. bxa4 Rd4 52. Kg3 Kf5 53. a5 Rd3+ 54. Kf2 Kxf4 55. Rb4+ Ke5 56. Ra4 Rc3 57. a6 Rc8 58. a7 Ra8 59. Ke3 d5 60. Ra5 f5 61. Kf3 g5 62. Ra4 g4+ 63. Ke3 d4+ 64. Kd3 Kf4 65. Kxd4 Kg3 66. Ke3 f4+ 67. Ke2 Rxa7 68. Rxa7 Kg2 69. Rf7 f3+ 70. Ke3 Kg3 71. Rf4 Kh3 72. Kf2 Kh4 73. Rf8 Kg5 74. Kg3 1-0

[Event "ESP-ch U12"]
[Site "Salobrena"]
[Date "2022.07.11"]
[Round "1"]
[White "Navarro Da Costa, Lais"]
[Black "San Vicente Crespo, Pablo"]
[Result "1-0"]
[WhiteElo "1168"]
[BlackElo "1566"]
[PlyCount "70"]
[EventDate "2022.07.04"]
[EventType "swiss"]
[EventRounds "9"]
[EventCountry "ESP"]
[SourceTitle "EXT 2023"]
[Source "ChessBase"]
[SourceDate "2022.10.05"]
[SourceVersion "1"]
[SourceVersionDate "2022.10.05"]
[SourceQuality "1"]

1. d4 d5 2. Bf4 Nf6 3. e3 c5 4. c3 Nc6 5. Nf3 Qb6 6. Qc2 g6 7. Qb3 c4 8. Qxb6 axb6 9. Nbd2 b5 10. a3 b4 11. cxb4 Nxb4 12. Rc1 Nc6 13. Be2 Bf5 14. Ne5 Bg7 15. Ndf3 Nd7 16. Nxd7 Kxd7 17. Ne5+ Nxe5 18. Bxe5 f6 19. Bg3 e5 20. dxe5 fxe5 21. Rd1 Ke6 22. Rd2 b5 23. f4 exf4 24. Bxf4 c3 25. bxc3 Bxc3 26. Bxb5 Rxa3 27. Rf1 Ra1+ 28. Ke2 Rxf1 29. Kxf1 Bxd2 30. Ke2 Bb4 31. Kf2 Be4 32. Be2 h5 33. g4 hxg4 34. Bxg4+ Bf5 35. Bxf5+ Kxf5 1-0

[Event "Alcorcon Diagonal op 1st"]
[Site "Alcorcon"]
[Date "2022.02.12"]
[Round "5"]
[White "Blazquez Sanz, Oscar"]
[Black "San Vicente Crespo, Pablo"]
[Result "0-1"]
[WhiteElo "1357"]
[BlackElo "1327"]
[PlyCount "121"]
[EventDate "2022.01.15"]
[EventType "swiss"]
[EventRounds "7"]
[EventCountry "ESP"]
[SourceTitle "EXT 2023"]
[Source "ChessBase"]
[SourceDate "2022.10.05"]
[SourceVersion "1"]
[SourceVersionDate "2022.10.05"]
[SourceQuality "1"]

1. e4 c5 2. Nf3 Nc6 3. c3 d5 4. Bd3 Bg4 5. h3 Bh5 6. g4 Bg6 7. Qa4 c4 8. Bc2 Bxe4 9. Bxe4 dxe4 10. Nd4 Qd5 11. Na3 e6 12. Nxc6 Qxc6 13. Qxc6+ bxc6 14. Nxc4 Nf6 15. 0-0 h6 16. b3 Nd5 17. Re1 Nf6 18. Bb2 0-0-0 19. Rad1 Bd6 20. b4 Rd7 21. Na5 Kc7 22. a3 Rhd8 23. c4 Bf4 24. Bxf6 gxf6 25. Nb3 Bxd2 26. Nxd2 Rxd2 27. Rxd2 Rxd2 28. Rxe4 Rd3 29. Re3 Rd1+ 30. Kg2 Kd6 31. Kg3 Ke7 32. Rf3 Rd4 33. c5 a6 34. Kh4 f5 35. Kh5 fxg4 36. hxg4 f6 37. Rg3 Rd2 38. Rf3 Rd4 39. Re3 Kf7 40. f3 Rd2 41. Kh4 Rd4 42. Rb3 f5 43. Kh5 fxg4 44. fxg4 Kg7 45. Re3 Rd1 46. Kh4 Kf6 47. Kg3 e5 48. Kf3 Rd4 49. Rb3 Rf4+ 50. Kg3 Kg5 51. Rd3 Rxg4+ 52. Kf3 e4+ 53. Ke3 exd3 54. Kxd3 h5 55. Kc3 Kf6 56. Kb3 h4 57. Ka4 h3 58. Ka5 h2 59. Kxa6 h1Q 60. Ka5 Qf1 61. a4 0-1

[Event "Alcorcon Diagonal op 1st"]
[Site "Alcorcon"]
[Date "2022.01.29"]
[Round "3"]
[White "San Vicente Crespo, Pablo"]
[Black "Jimenez Carrazoni, Javier"]
[Result "0-1"]
[WhiteElo "1327"]
[BlackElo "1554"]
[PlyCount "174"]
[EventDate "2022.01.15"]
[EventType "swiss"]
[EventRounds "7"]
[EventCountry "ESP"]
[SourceTitle "EXT 2023"]
[Source "ChessBase"]
[SourceDate "2022.10.05"]
[SourceVersion "1"]
[SourceVersionDate "2022.10.05"]
[SourceQuality "1"]

1. e4 c5 2. d4 cxd4 3. c3 Nf6 4. e5 Nd5 5. Nf3 d6 6. cxd4 Nc6 7. exd6 Qxd6 8. Nc3 Bg4 9. Bc4 e6 10. Be3 Be7 11. 0-0 0-0 12. Rc1 Bf6 13. Ne4 Qe7 14. Nxf6+ Qxf6 15. Be2 Nf4 16. Bxf4 Qxf4 17. d5 Rad8 18. Rc4 Qf5 19. h3 Bxf3 20. Bxf3 e5 21. Rh4 g6 22. Be4 Qg5 23. Rg4 Qh6 24. Rg3 Nd4 25. Bf3 Qf4 26. Qc1 Nxf3+ 27. Rxf3 Qe4 28. Re3 Qxd5 29. Rfe1 f6 30. R3e2 Qxa2 31. Qc7 Qd5 32. Qc2 a6 33. Qc3 Kg7 34. Qc7+ Rf7 35. Qc3 Rdd7 36. Qc2 Rc7 37. Qd1 Qxd1 38. Rxd1 Rfd7 39. Red2 Rxd2 40. Rxd2 Kf7 41. f3 Ke7 42. Kf2 Rd7 43. Rc2 Kd6 44. Ke3 Rc7 45. Rd2+ Ke6 46. g4 Rc1 47. Kf2 b5 48. h4 b4 49. b3 Rc3 50. Ra2 Rc6 51. Ra4 Rb6 52. Ra5 Kd7 53. Rd5+ Rd6 54. Ra5 Kc7 55. Ra4 Rb6 56. Ke3 Kb7 57. h5 Rb5 58. Ra1 Rc5 59. Rd1 Rc3+ 60. Ke2 Rxb3 61. Rd7+ Kb8 62. Rxh7 gxh5 63. gxh5 Rb2+ 64. Kd3 a5 65. h6 Rh2 66. Rh8+ Kb7 67. Kc4 Rh4+ 68. Kb5 b3 69. Rh7+ Kb8 70. Kc6 b2 71. Rb7+ Kc8 72. Rxb2 Rxh6 73. Kb5 Rh3 74. Rf2 Kd7 75. Kxa5 Ke6 76. Kb4 Kf5 77. Kc4 Kf4 78. Kd5 Rxf3 79. Re2 Kf5 80. Re1 Rd3+ 81. Kc4 Rd8 82. Rh1 e4 83. Rh7 e3 84. Re7 Kf4 85. Kc3 f5 86. Kc2 Kf3 87. Re6 f4 0-1

[Event "Collado Villalba op 38th"]
[Site "Collado Villalba"]
[Date "2021.08.28"]
[Round "8"]
[White "San Vicente Crespo, Pablo"]
[Black "Paniagua Quinones, Carlos"]
[Result "1-0"]
[WhiteElo "1404"]
[BlackElo "1614"]
[PlyCount "37"]
[EventDate "2021.08.21"]
[EventType "swiss"]
[EventRounds "9"]
[EventCountry "ESP"]
[SourceTitle "EXT 2022"]
[Source "ChessBase"]
[SourceDate "2021.10.06"]
[SourceVersion "1"]
[SourceVersionDate "2021.10.06"]
[SourceQuality "1"]

1. e4 c5 2. d4 cxd4 3. c3 dxc3 4. Nxc3 e6 5. Nf3 a6 6. Bc4 Ne7 7. Bg5 f6 8. Be3 b5 9. Bb3 Ng6 10. 0-0 Be7 11. Nd5 0-0 12. Bb6 Qe8 13. Nc7 Qf7 14. Nxa8 Bb7 15. Nc7 Bxe4 16. Re1 Bf5 17. Nd4 Nh4 18. Nxf5 Nxf5 19. Nxe6 1-0

[Event "Collado Villalba op 38th"]
[Site "Collado Villalba"]
[Date "2021.08.24"]
[Round "4"]
[White "San Vicente Crespo, Pablo"]
[Black "Melcon Diez, Enrique"]
[Result "0-1"]
[WhiteElo "1404"]
[BlackElo "1620"]
[PlyCount "132"]
[EventDate "2021.08.21"]
[EventType "swiss"]
[EventRounds "9"]
[EventCountry "ESP"]
[SourceTitle "CBM 204 Extra"]
[Source "ChessBase"]
[SourceDate "2021.11.30"]
[SourceVersion "1"]
[SourceVersionDate "2021.11.30"]
[SourceQuality "1"]

1. e4 c5 2. d4 cxd4 3. c3 dxc3 4. Nxc3 g6 5. Nf3 Bg7 6. Bc4 Nc6 7. 0-0 d6 8. Qe2 Nf6 9. Rd1 Bg4 10. Bf4 0-0 11. e5 Nh5 12. Qe4 Bxf3 13. Qxf3 Nxf4 14. Qxf4 Nxe5 15. Bb3 Qa5 16. Nd5 Nc6 17. Qg5 Qd8 18. Nf4 Bxb2 19. Rab1 Bg7 20. h4 e5 21. Nh3 Bf6 22. Qg4 Bxh4 23. g3 Bf6 24. Kg2 Rc8 25. Rh1 Nd4 26. Bd5 b6 27. Rh2 Rc5 28. Bb3 Nxb3 29. axb3 Qc8 30. Qf3 Qc6 31. Rhh1 Qxf3+ 32. Kxf3 d5 33. b4 Rc3+ 34. Ke2 Rfc8 35. Ra1 R8c7 36. Rhd1 d4 37. Ng1 e4 38. Ke1 Rb3 39. Ra4 d3 40. Nh3 Bc3+ 41. Kf1 Rxb4 42. Ra3 Bb2 43. Ra2 Rc1 44. Rxc1 Bxc1 45. Nf4 Bxf4 46. gxf4 a5 47. Ke1 h5 48. Kd2 h4 49. f3 exf3 50. Ke3 Rb3 51. Rd2 Kg7 52. Kxf3 Kf6 53. Kg4 b5 54. f5 g5 55. Kh3 Kxf5 56. Kh2 a4 57. Rf2+ Kg6 58. Rd2 a3 59. Kh1 Rb1+ 60. Kh2 Rb2 61. Rxb2 axb2 62. Kg2 b1Q 63. Kf3 d2 64. Ke2 Qe1+ 65. Kf3 d1Q+ 66. Kg2 Qde2+ 0-1

[Event "Madrid-ch U10"]
[Site "Madrid"]
[Date "2021.04.24"]
[Round "4"]
[White "Xia, Zhe"]
[Black "San Vicente Crespo, Pablo"]
[Result "1-0"]
[WhiteElo "1208"]
[BlackElo "1177"]
[PlyCount "53"]
[EventDate "2021.04.17"]
[EventType "swiss"]
[EventRounds "5"]
[EventCountry "ESP"]
[SourceTitle "EXT 2023"]
[Source "ChessBase"]
[SourceDate "2022.10.05"]
[SourceVersion "1"]
[SourceVersionDate "2022.10.05"]
[SourceQuality "1"]

1. d4 d5 2. Bf4 Nf6 3. Nf3 c5 4. e3 Nc6 5. Bb5 Qb6 6. Bxc6+ bxc6 7. b3 e6 8. 0-0 Be7 9. Nc3 0-0 10. Ne5 cxd4 11. exd4 Nd7 12. Na4 Qa5 13. Nxc6 Qb5 14. Nxe7+ Kh8 15. Nxc8 Raxc8 16. Bd6 Rfd8 17. Qh5 Nf6 18. Qe5 Qd7 19. Ba3 Rxc2 20. Rac1 Rxa2 21. Rc7 Qb5 22. Be7 Ng4 23. Qg5 Nxf2 24. Bf6 Rg8 25. Rxf7 gxf6 26. Qxf6+ Rg7 27. Qxg7# 1-0